| 000 | 00585cam a2200193 4500500 | ||
|---|---|---|---|
| 005 | 20260329002218.0 | ||
| 041 | _afre | ||
| 042 | _adc | ||
| 100 | 1 | 0 |
_aLegros, Martin _eauthor |
| 245 | 0 | 0 | _aLuc Ferry, Dominique Bourg. Le débat durable |
| 260 | _c2011. | ||
| 500 | _a10 | ||
| 690 | _aDécroissance | ||
| 690 | _aDominique Bourg | ||
| 690 | _aLuc Ferry | ||
| 690 | _aProgrès | ||
| 786 | 0 | _nPhilosophie magazine | 49 | 5 | 2011-05-01 | p. 24-25 | 1951-1787 | |
| 856 | 4 | 1 | _uhttps://shs.cairn.info/magazine-philosophie-magazine-2011-5-page-24?lang=fr&redirect-ssocas=7080 |
| 999 |
_c1812775 _d1812775 |
||